Quiz Cultura Generale - Quiz n°94 - Statistics

Statistiche generali
  • Questo quiz è stato fatto 147 volte
  • Il punteggio medio è 11 su 15
Statistiche sulle risposte
Domanda Risposta % Corretto
Da quanti minuti è formato un tempo regolamentare a calcio? 45
98%
Quanti mesi hanno 31 giorni? 7
94%
Quale colore dell'arcobaleno ha la lunghezza d'onda maggiore? Rosso
92%
Quanti sono i pilastri dell'Islam? 5
90%
In quale città italiana si trova Palazzo Madama? Roma
89%
Qual è la provincia più meridionale pugliese? Lecce
86%
In quale paese avvenne la Rivoluzione d'ottobre nel 1917? Russia
82%
Da quale mare sono bagnate le coste dell'Ucraina? Mar Nero
79%
Quali vasi sanguigni portano il sangue dal cuore alla periferia del corpo? Arterie
77%
In quale regione si trova la città di Maratea? Basilicata
74%
Qual è il simbolo chimico del rame? Cu
65%
Qual è lo stato federato degli Stati Uniti contemporaneamente sia più a est ed ovest? Alaska
64%
Chi ha scritto il poema eroico "La Gerusalemme Liberata"? Torquato Tasso
62%
Secondo la mitologia greca chi era il padre di Zeus? Crono
44%
Quale sezione dell'intestino tenue è frapposta tra Duodeno ed Ileo? Digiuno
9%
Nessun quiz corrispondente trovato
Distribuzione punteggi
Percentuale di utenti per punteggio
Percentile per numero di risposta
I tuoi punteggi nel tempo
Non hai fatto questo quiz